Teleoperadores Estrategia de su negocio /

Bibliographic Details
Main Author: Ruiz Sèz, Mara̕ Još
Format: eBook
Language:Spanish
Published: Bogot:̀ Ediciones de la U, 2012
Subjects:
Online Access:Acceso restringido

MARC

LEADER 00000nam a22000007a 4500
005 20210514235716.0
007 cr|||| ||||
008 210515s2012 co |||||s|||| 00||0 spa d
020 |a 978-958-762-062-7 
035 |a 33371 
040 |a vLex 
090 |c 11673  |d 11673 
100 1 |a Ruiz Sèz, Mara̕ Još 
245 1 0 |a Teleoperadores  |h [Recurso electrn̤ico] :  |b Estrategia de su negocio /  |c Mara̕ Jos ̌Ruiz Sèz 
256 |a Servicio en ln̕ea 
260 |a Bogot:̀  |b Ediciones de la U,  |c 2012 
300 |a 1 recurso electrn̤ico 
500 |a La presente obra se dirige a todas aquellas personas que utilizan el telf̌ono como instrumento de trabajo de forma habitual. Su objetivo es dotar a los alumnos de las capacidades, habilidades y destrezas necesarias para utilizar la comunicacin̤ telefn̤ica al servicio de la atencin̤ al cliente. 
506 1 |a Disponible solo en los productos indicados  |d vLex Global  |d vLex Global (Academic Edition, excluding Law Schools)  |d vLex Global (U.S. Academic Edition, Law Schools)  |d vLex Global (U.S. Academic Edition, excluding Law Schools)  |d vLex Global (Academic Edition, Law Schools) 
650 0 4 |a Marketing  |z Colombia 
740 0 |a vLex Libros (Servicio en ln̕ea) 
856 4 0 |u https://vlex.com/source/teleoperadores-estrategia-de-su-negocio-33371  |z Acceso restringido 
942 |c BOOK 
999 0 |a Marketing